Colorado, summer/fall/winter/spring. (Record no. 1426)
[ view plain ]
| 000 -LEADER | |
|---|---|
| fixed length control field | 00671cam a2200253 4500 |
| 005 - DATE AND TIME OF LATEST TRANSACTION | |
| control field | 20260322212059.0 |
| 008 - FIXED-LENGTH DATA ELEMENTS--GENERAL INFORMATION | |
| fixed length control field | data |
| 010 ## - LIBRARY OF CONGRESS CONTROL NUMBER | |
| LC control number | 73004956 |
| 020 ## - INTERNATIONAL STANDARD BOOK NUMBER | |
| International Standard Book Number | 0528819119 |
| 020 ## - INTERNATIONAL STANDARD BOOK NUMBER | |
| International Standard Book Number | 9780528819117 |
| 040 ## - CATALOGING SOURCE | |
| Original cataloging agency | DLC |
| Transcribing agency | DLC |
| Modifying agency | DLC |
| 043 ## - GEOGRAPHIC AREA CODE | |
| Geographic area code | n-us-co |
| 050 00 - LIBRARY OF CONGRESS CALL NUMBER | |
| Classification number | F777 |
| Item number | .M83 |
| 082 00 - DEWEY DECIMAL CLASSIFICATION NUMBER | |
| Classification number | 917.88/04/30222 |
| 092 ## - LOCALLY ASSIGNED DEWEY CALL NUMBER (OCLC) | |
| Classification number | 917.88 M83 1973 |
| 001 - CONTROL NUMBER | |
| control field | data |
| 100 1# - MAIN ENTRY--PERSONAL NAME | |
| Personal name | Muench, David. |
| 245 10 - TITLE STATEMENT | |
| Title | Colorado, summer/fall/winter/spring. |
| Statement of responsibility, etc. | David Muench & N. Scott Momaday. |
| 260 ## - PUBLICATION, DISTRIBUTION, ETC. | |
| Place of publication, distribution, etc. | Chicago, |
| Name of publisher, distributor, etc. | Rand McNally |
| Date of publication, distribution, etc. | [1973] |
| 300 ## - PHYSICAL DESCRIPTION | |
| Extent | 120 p. |
| Other physical details | col. illus. |
| Dimensions | 36 cm. |
| 350 ## - PRICE (NR) (BK AM CF MU VM SE) [OBSOLETE] | |
| Price | {dollar}19.95 |
| 651 #0 - SUBJECT ADDED ENTRY--GEOGRAPHIC NAME | |
| Geographic name | Colorado |
| General subdivision | Pictorial works. |
| 700 1# - ADDED ENTRY--PERSONAL NAME | |
| Personal name | Momaday, N. Scott, |
| Dates associated with a name | 1934- |
| Withdrawn status | Lost status | Damaged status | Not for loan | Home library | Current library | Shelving location | Date acquired | Total checkouts | Full call number | Barcode | Date last seen | Price effective from | Koha item type |
|---|---|---|---|---|---|---|---|---|---|---|---|---|---|
| Centerville | Centerville | General stacks | 22/03/2026 | 917.88/04/30222 | BC0011473 | 22/03/2026 | 22/03/2026 | Books |